| Tag |
First Indicator |
Second Indicator |
Subfields |
| LEADER |
00000pam a2200000 a 4500 |
| 001 |
in00000085120 |
| 005 |
20151008055747.0 |
| 008 |
810728s1981 nyu 00010 eng |
| 010 |
|
|
|a 81011295
|
| 020 |
|
|
|a 0811208133
|
| 020 |
|
|
|a 0811208141 (pbk.)
|
| 035 |
|
|
|a (OCoLC)07740585
|
| 035 |
|
|
|9 AAJ4313AM
|
| 039 |
0 |
|
|a 2
|b 3
|c 3
|d 3
|e 3
|
| 040 |
|
|
|a DLC
|c DLC
|d TXA
|d UtOrBLW
|
| 049 |
|
|
|a TXAM
|c [1502373]
|
| 050 |
0 |
0 |
|a PS3562.E8876
|b L54
|
| 082 |
0 |
|
|a 818/.5408
|2 19
|
| 100 |
1 |
|
|a Levertov, Denise,
|d 1923-1997.
|
| 245 |
1 |
0 |
|a Light up the cave /
|c Denise Levertov.
|
| 264 |
|
1 |
|a New York :
|b published for J. Laughlin by New Directions,
|c 1981.
|
| 300 |
|
|
|a 290 pages ;
|c 21 cm.
|
| 336 |
|
|
|a text
|b txt
|2 rdacontent
|
| 337 |
|
|
|a unmediated
|b n
|2 rdamedia
|
| 338 |
|
|
|a volume
|b nc
|2 rdacarrier
|
| 500 |
|
|
|a "A New Directions book."
|
| 999 |
|
|
|a MARS
|
| 999 |
f |
f |
|s 6e5eb785-22b7-3bda-bd3d-3b32f4ab15da
|i de7edd42-6ad1-39ec-8997-b82551927df8
|t 0
|
| 952 |
f |
f |
|p ric
|a Texas A&M University
|b Rellis Campus
|c Joint Library Facility
|d Remote Storage
|t 0
|e PS3562.E8876 L54
|h Library of Congress classification
|i unmediated -- volume
|m A14806192802
|
| 998 |
f |
f |
|a PS3562.E8876 L54
|t 0
|l Remote Storage
|